000 00578nam a2200265Ia 4500
005 20260306163745.0
008 008 260114s9999 xx 000 0 eng d
020 _a9780814795460
037 _aEBOOK
040 _aCRL
040 _beng
040 _cCRL
041 _2eng
041 _aeng
084 _qCRL
100 _aWong
245 0 _aNeither Fugitive Nor Free
260 _bNYU Press
260 _c2016
650 _aSocial Work
856 _uhttps://academic.oup.com/book/21885
942 _cEBOOK
999 _c1711374
_d1711374